| 000 | 00489nam a2200193Ia 4500 | ||
|---|---|---|---|
| 005 | 20240823033232.0 | ||
| 008 | 240823s9999||||xx |||||||||||||| ||und|| | ||
| 020 | _a978-93-81335-20-8 | ||
| 041 | _aENGLISH | ||
| 082 | _A303.34 Q2 | ||
| 100 | _aWadhawan K Ravi | ||
| 245 | 0 | _aEvolving Leadership in Organisations | |
| 250 | _a1st | ||
| 260 |
_c2012 _bInternational Book Tr _aNew Delhi |
||
| 500 | _aYES | ||
| 650 |
_aLeadership _bManagement Studies |
||
| 942 | _cBK | ||
| 999 |
_c195331 _d195331 |
||